Bomb kills father and daughter at Thai school. (Record no. 9858)
[ view plain ]
| 000 -LEADER | |
|---|---|
| fixed length control field | 00354nam a22001337a 4500 |
| 003 - CONTROL NUMBER IDENTIFIER | |
| control field | OSt |
| 005 - DATE AND TIME OF LATEST TRANSACTION | |
| control field | 20180720083500.0 |
| 008 - FIXED-LENGTH DATA ELEMENTS--GENERAL INFORMATION | |
| fixed length control field | 180720b ||||| |||| 00| 0 eng d |
| 245 ## - TITLE STATEMENT | |
| Title | Bomb kills father and daughter at Thai school. |
| 260 ## - PUBLICATION, DISTRIBUTION, ETC. (IMPRINT) | |
| Place of publication, distribution, etc. | Philippines |
| Name of publisher, distributor, etc. | The Philippine Star |
| Date of publication, distribution, etc. | c2016 |
| 300 ## - PHYSICAL DESCRIPTION | |
| Extent | page 17. |
| 600 #0 - SUBJECT ADDED ENTRY--PERSONAL NAME | |
| 9 (RLIN) | 29171 |
| Personal name | Terrorism. |
| 942 ## - ADDED ENTRY ELEMENTS (KOHA) | |
| Source of classification or shelving scheme | Dewey Decimal Classification |
| Koha item type | Periodicals |
| Withdrawn status | Lost status | Source of classification or shelving scheme | Damaged status | Not for loan | Collection code | Home library | Current library | Date acquired | Total Checkouts | Date last seen | Price effective from | Koha item type | Public note |
|---|---|---|---|---|---|---|---|---|---|---|---|---|---|
| Dewey Decimal Classification | Periodicals | UM Digos College - LIC | UM Digos College - LIC | 07/20/2018 | 07/20/2018 | 07/20/2018 | Periodicals | Newspaper Clippings |
